<?xml version="1.0" encoding="UTF-8"?>
<record
    xmlns:xsi="http://www.w3.org/2001/XMLSchema-instance"
    xsi:schemaLocation="http://www.loc.gov/MARC21/slim http://www.loc.gov/standards/marcxml/schema/MARC21slim.xsd"
    xmlns="http://www.loc.gov/MARC21/slim">

  <leader>     nam a22     7a 4500</leader>
  <datafield tag="999" ind1=" " ind2=" ">
    <subfield code="c">30212</subfield>
    <subfield code="d">30212</subfield>
  </datafield>
  <controlfield tag="008">190503b        xxu||||| |||| 00| 0 eng d</controlfield>
  <datafield tag="020" ind1=" " ind2=" ">
    <subfield code="a">9789966469014</subfield>
  </datafield>
  <datafield tag="050" ind1=" " ind2=" ">
    <subfield code="a"> AFR PL 8704 .A8M6 2017</subfield>
  </datafield>
  <datafield tag="100" ind1=" " ind2=" ">
    <subfield code="a">Mohamed Said Ahmed;</subfield>
  </datafield>
  <datafield tag="245" ind1=" " ind2=" ">
    <subfield code="a">Asali Chungu/</subfield>
    <subfield code="c">Mohamed Said Ahmed</subfield>
  </datafield>
  <datafield tag="260" ind1=" " ind2=" ">
    <subfield code="a">Nairobi,Kenya:</subfield>
    <subfield code="b">East African Education publishers,</subfield>
    <subfield code="c">1989.</subfield>
  </datafield>
  <datafield tag="300" ind1=" " ind2=" ">
    <subfield code="a">193 p. :</subfield>
    <subfield code="c">20cm,</subfield>
  </datafield>
  <datafield tag="650" ind1=" " ind2=" ">
    <subfield code="a">Riwaya.</subfield>
  </datafield>
  <datafield tag="650" ind1=" " ind2=" ">
    <subfield code="a">Asali Chungu</subfield>
  </datafield>
  <datafield tag="942" ind1=" " ind2=" ">
    <subfield code="2">lcc</subfield>
    <subfield code="c">AFRICANA</subfield>
    <subfield code="h"> AFR PL 8704 .A8M6 2017</subfield>
  </datafield>
  <datafield tag="952" ind1=" " ind2=" ">
    <subfield code="0">0</subfield>
    <subfield code="1">0</subfield>
    <subfield code="2">lcc</subfield>
    <subfield code="4">0</subfield>
    <subfield code="7">0</subfield>
    <subfield code="a">MUC</subfield>
    <subfield code="b">MUC</subfield>
    <subfield code="c">AFR</subfield>
    <subfield code="d">2019-05-03</subfield>
    <subfield code="e">Purchase (textbook centre)</subfield>
    <subfield code="l">11</subfield>
    <subfield code="o"> AFR PL 8704 .A8M6 2017</subfield>
    <subfield code="p">38584</subfield>
    <subfield code="r">2024-02-24</subfield>
    <subfield code="s">2024-02-24</subfield>
    <subfield code="w">2019-05-03</subfield>
    <subfield code="y">AFRICANA</subfield>
  </datafield>
  <datafield tag="952" ind1=" " ind2=" ">
    <subfield code="0">0</subfield>
    <subfield code="1">0</subfield>
    <subfield code="2">lcc</subfield>
    <subfield code="4">0</subfield>
    <subfield code="7">0</subfield>
    <subfield code="a">MUC</subfield>
    <subfield code="b">MUC</subfield>
    <subfield code="c">AFR</subfield>
    <subfield code="d">2019-05-03</subfield>
    <subfield code="e">Purchase (textbook centre)</subfield>
    <subfield code="l">20</subfield>
    <subfield code="o"> AFR PL 8704 .A8M6 2017</subfield>
    <subfield code="p">38585</subfield>
    <subfield code="r">2025-09-02</subfield>
    <subfield code="s">2025-09-02</subfield>
    <subfield code="w">2019-05-03</subfield>
    <subfield code="y">AFRICANA</subfield>
  </datafield>
</record>
